Economic developments in India 1946-1956 (Record no. 20029)

MARC details
000 -LEADER
fixed length control field 00292nam a2200109Ia 4500
082 ## - DEWEY DECIMAL CLASSIFICATION NUMBER
Classification number 330.34(540)
Item number DES
100 ## - MAIN ENTRY--AUTHOR NAME
Personal name DESHMUKH, C D
245 #0 - TITLE STATEMENT
Title Economic developments in India 1946-1956
260 ## - PUBLICATION, DISTRIBUTION, ETC. (IMPRINT)
Place of publication Bombay
Name of publisher Asia Pub house
Year of publication 1957
942 ## - ADDED ENTRY ELEMENTS (KOHA)
Koha item type Books
Holdings
Withdrawn status Lost status Damaged status Not for loan Home library Current library Date acquired Full call number Accession Number Koha item type
        RRII Library RRII Library 16/12/2021 330.34(540) DES 00757 Books